[Event "LSS CP-2009-P-00040"]
[Site "LSS email"]
[Date "2009.09.27"]
[Round "?"]
[White "Hrubaru, Mircea"]
[Black "Rozental, Ella"]
[Result "1-0"]
[WhiteElo "2088"]
[BlackElo "2272"]
[PlyCount "57"]
[EventDate "2009.10.01"]
[EventType "tourn (corr)"]
[EventRounds "6"]
[EventCountry "GER"]
[SourceTitle "Corr 2013"]
[Source "ChessBase"]
[SourceDate "2012.11.12"]
[SourceVersion "1"]
[SourceVersionDate "2012.11.12"]
[SourceQuality "1"]
[WhiteTeam "US of America"]
[BlackTeam "US of America"]
[WhiteTeamCountry "USA"]
[BlackTeamCountry "USA"]

1. d4 e6 2. c4 Nf6 3. g3 d5 4. Bg2 dxc4 5. Nf3 a6 6. 0-0 Nc6 7. e3 Bd7 8. Nc3 Bd6 9. Qe2 b5 10. e4 e5 11. dxe5 Nxe5 12. Nxe5 Bxe5 13. f4 Bxc3 14. bxc3 c6 15. f5 0-0 16. e5 Qe7 17. Bg5 Rfe8 18. Rae1 Qc5+ 19. Kh1 Nd5 20. Qg4 Bc8 21. e6 f6 22. Bd2 Qf8 23. Re4 Ra7 24. Qh5 Kh8 25. Rh4 Qg8 26. Bxd5 cxd5 27. Be3 Rae7 28. Bc5 Bb7 29. Bd4 1-0

[Event "LSS CP-2009-P-00040"]
[Site "LSS email"]
[Date "2009.09.27"]
[Round "?"]
[White "Ould Ahmed, Samy"]
[Black "Rozental, Ella"]
[Result "1-0"]
[WhiteElo "2110"]
[BlackElo "2225"]
[PlyCount "31"]
[EventDate "2009.10.01"]
[EventType "tourn (corr)"]
[EventRounds "6"]
[EventCountry "GER"]
[SourceTitle "Corr 2013"]
[Source "ChessBase"]
[SourceDate "2012.11.12"]
[SourceVersion "1"]
[SourceVersionDate "2012.11.12"]
[SourceQuality "1"]
[WhiteTeam "US of America"]
[BlackTeam "US of America"]
[WhiteTeamCountry "USA"]
[BlackTeamCountry "USA"]

1. e4 c6 2. d4 d5 3. e5 c5 4. dxc5 Nc6 5. Bb5 e6 6. Be3 Nge7 7. c3 Nf5 8. Bd4 Bd7 9. Bxc6 Bxc6 10. Nf3 Nxd4 11. Qxd4 Bd7 12. 0-0 Qc7 13. b4 b6 14. cxb6 axb6 15. Nbd2 b5 16. Nb3 1-0

[Event "LSS WC-2012-S-00011"]
[Site "LSS email"]
[Date "2009.07.13"]
[Round "?"]
[White "Putman, Marcel"]
[Black "Rozental, Ella"]
[Result "1-0"]
[WhiteElo "2196"]
[BlackElo "2287"]
[PlyCount "39"]
[EventDate "2009.07.18"]
[EventType "tourn (corr)"]
[EventRounds "10"]
[EventCountry "GER"]
[SourceTitle "Telechess CBM 137"]
[Source "ChessBase"]
[SourceDate "2010.07.15"]
[SourceVersion "1"]
[SourceVersionDate "2010.07.15"]
[SourceQuality "1"]

1. e4 c6 2. d4 d5 3. Nc3 dxe4 4. Nxe4 Bf5 5. Ng3 Bg6 6. h4 h6 7. Nf3 Nd7 8. h5 Bh7 9. Bd3 Bxd3 10. Qxd3 Qc7 11. Bd2 Ngf6 12. 0-0-0 e6 13. Ne4 0-0-0 14. g3 Nxe4 15. Qxe4 Bd6 16. c4 c5 17. d5 Nf6 18. Qc2 exd5 19. cxd5 Rhe8 20. Bc3 1-0

[Event "LSS WC-2012-S-00011"]
[Site "LSS email"]
[Date "2009.07.13"]
[Round "?"]
[White "Rozental, Ella"]
[Black "Barnsley, Anthony R"]
[Result "1/2-1/2"]
[WhiteElo "2219"]
[BlackElo "2367"]
[PlyCount "63"]
[EventDate "2009.07.18"]
[EventType "tourn (corr)"]
[EventRounds "10"]
[EventCountry "GER"]
[SourceTitle "Telechess CBM 147"]
[Source "ChessBase"]
[SourceDate "2012.03.16"]
[SourceVersion "1"]
[SourceVersionDate "2012.03.16"]
[SourceQuality "1"]

1. d4 d5 2. c4 e6 3. Nf3 Nf6 4. Nc3 Be7 5. Bg5 h6 6. Bh4 0-0 7. e3 b6 8. Bd3 Bb7 9. 0-0 Nbd7 10. cxd5 Nxd5 11. Nxd5 Bxd5 12. Bg3 c5 13. Rc1 cxd4 14. Bc7 Qe8 15. Nxd4 Bc5 16. Bg3 Qe7 17. a3 a5 18. Qe2 Nf6 19. e4 Bxd4 20. exd5 e5 21. Rfe1 Rac8 22. Rxc8 Rxc8 23. Kf1 Re8 24. Bb5 Rd8 25. Bxe5 Bxe5 26. Qxe5 Qc5 27. d6 Qxd6 28. Qxd6 Rxd6 29. Ke2 Re6+ 30. Kd1 Rd6+ 31. Kc2 Kf8 32. h3 1/2-1/2

[Event "LSS SM-2009-0-00054"]
[Site "LSS email"]
[Date "2009.04.19"]
[Round "?"]
[White "Kireev, Sergey Ivanovich"]
[Black "Rozental, Ella"]
[Result "1/2-1/2"]
[WhiteElo "2301"]
[BlackElo "2286"]
[PlyCount "50"]
[EventDate "2009.03.23"]
[EventType "tourn (corr)"]
[EventRounds "6"]
[EventCountry "GER"]
[SourceTitle "Corr 2011"]
[Source "ChessBase"]
[SourceDate "2010.08.31"]
[SourceVersion "1"]
[SourceVersionDate "2010.08.31"]
[SourceQuality "1"]

1. e4 c6 2. d4 d5 3. e5 c5 4. dxc5 Nc6 5. Nf3 Bg4 6. Bb5 e6 7. Be3 Qa5+ 8. Nc3 Nge7 9. a3 Nf5 10. h3 Nxe3 11. fxe3 Bxf3 12. gxf3 Be7 13. b4 Qc7 14. f4 0-0 15. 0-0 b6 16. cxb6 Qxb6 17. Qd3 a5 18. Bxc6 Qxc6 19. b5 Qb6 20. Ne2 Rac8 21. a4 Rc4 22. c3 Qc5 23. Rfc1 Bd8 24. Qd2 Bb6 25. Nd4 Rc8 1/2-1/2

[Event "LSS SM-2009-0-00054"]
[Site "LSS email"]
[Date "2009.04.19"]
[Round "?"]
[White "Rozental, Ella"]
[Black "Mueller Alves, Martin"]
[Result "1/2-1/2"]
[WhiteElo "2335"]
[BlackElo "2399"]
[PlyCount "61"]
[EventDate "2009.03.23"]
[EventType "tourn (corr)"]
[EventRounds "6"]
[EventCountry "GER"]
[SourceTitle "Telechess CBM 137"]
[Source "ChessBase"]
[SourceDate "2010.07.15"]
[SourceVersion "1"]
[SourceVersionDate "2010.07.15"]
[SourceQuality "1"]

1. d4 Nf6 2. Bg5 Ne4 3. Bf4 c5 4. f3 Qa5+ 5. c3 Nf6 6. d5 Qb6 7. e4 Qxb2 8. Nd2 Qxc3 9. Bc7 g6 10. Rc1 Qe3+ 11. Ne2 d6 12. Nc4 Qh6 13. Qb3 Nbd7 14. h4 a6 15. a4 b5 16. axb5 axb5 17. Qxb5 Bg7 18. Ba5 Ba6 19. Qb1 Bxc4 20. Bd2 Qh5 21. Rxc4 0-0 22. Bg5 Ne5 23. Ng3 Nxf3+ 24. gxf3 Qxf3 25. Qd3 Qxd3 26. Bxd3 h6 27. Bxf6 Bxf6 28. Kd2 Ra3 29. Ne2 Kg7 30. Rcc1 Rb8 31. Rb1 1/2-1/2

[Event "LSS BI-2009-P-00016"]
[Site "LSS email"]
[Date "2009.04.19"]
[Round "?"]
[White "Rozental, Ella"]
[Black "Trevis, Robert R"]
[Result "1-0"]
[WhiteElo "2286"]
[BlackElo "965"]
[PlyCount "55"]
[EventDate "2009.04.20"]
[EventType "tourn (corr)"]
[EventRounds "10"]
[EventCountry "GER"]
[SourceTitle "Corr 2011"]
[Source "ChessBase"]
[SourceDate "2010.08.31"]
[SourceVersion "1"]
[SourceVersionDate "2010.08.31"]
[SourceQuality "1"]

1. d4 d5 2. c4 c6 3. Nf3 Nf6 4. Nc3 dxc4 5. a4 Bf5 6. e3 e6 7. Bxc4 Bb4 8. 0-0 0-0 9. Nh4 Bg4 10. f3 Nd5 11. fxg4 Qxh4 12. e4 Nxc3 13. bxc3 Bxc3 14. Ra3 Bb4 15. Rh3 Qd8 16. e5 c5 17. d5 Nd7 18. Qc2 g6 19. dxe6 Nxe5 20. exf7+ Nxf7 21. Rxf7 Rxf7 22. Bxf7+ Kxf7 23. Rxh7+ Kf6 24. Qe2 Qd4+ 25. Kf1 Qe5 26. Bb2 Bc3 27. Bxc3 Re8 28. Qf3+ 1-0

[Event "LSS BI-2009-P-00016"]
[Site "LSS email"]
[Date "2009.04.19"]
[Round "?"]
[White "Rozental, Ella"]
[Black "Walker, Jeffrey"]
[Result "1/2-1/2"]
[WhiteElo "2335"]
[BlackElo "2093"]
[PlyCount "135"]
[EventDate "2009.04.20"]
[EventType "tourn (corr)"]
[EventRounds "10"]
[EventCountry "GER"]
[SourceTitle "Telechess CBM 137"]
[Source "ChessBase"]
[SourceDate "2010.07.15"]
[SourceVersion "1"]
[SourceVersionDate "2010.07.15"]
[SourceQuality "1"]

1. d4 e6 2. c4 f5 3. g3 Nf6 4. Bg2 d5 5. Nh3 c6 6. 0-0 Bd6 7. Qc2 0-0 8. Bf4 Be7 9. Nd2 Nh5 10. Nf3 Nxf4 11. Nxf4 Bd6 12. Rac1 Bxf4 13. gxf4 Nd7 14. e3 Qe7 15. Kh1 Nf6 16. Rg1 Bd7 17. Ne5 Be8 18. Bf3 Bh5 19. Bxh5 Nxh5 20. Rg5 Nf6 21. cxd5 cxd5 22. Qc7 Rfe8 23. f3 g6 24. Rgg1 Rad8 25. b4 Nd7 26. Qxb7 Nxe5 27. Qxe7 Rxe7 28. fxe5 Rb8 29. a3 a5 30. bxa5 Ra8 31. Rc5 Rea7 32. Rc6 Rxa5 33. Rxe6 Rxa3 34. Kg2 Rxe3 35. Rd6 Ra2+ 36. Kg3 Raa3 37. Rf1 Re4 38. Rxd5 Rg4+ 39. Kh3 Kf7 40. Ra5 Rxa5 41. fxg4 Ra3+ 42. Kh4 Rd3 43. gxf5 Rxd4+ 44. Kg5 h6+ 45. Kxh6 gxf5 46. Rxf5+ Ke6 47. Rf2 Kxe5 48. Kg5 Rd1 49. Re2+ Kd6 50. h4 Rg1+ 51. Kh6 Kd7 52. h5 Kd8 53. Kh7 Kd7 54. h6 Rg3 55. Re5 Rg4 56. Re1 Rg2 57. Kh8 Rg3 58. h7 Rg2 59. Re5 Rg1 60. Re3 Rg2 61. Re4 Rg1 62. Re5 Rg2 63. Re1 Rg3 64. Rh1 Ke7 65. Rf1 Rg2 66. Rf4 Rg1 67. Rf2 Rg3 68. Rf1 1/2-1/2

[Event "LSS BI-2008-F-00008"]
[Site "LSS email"]
[Date "2009.03.02"]
[Round "?"]
[White "Kurpnieks, Vairis"]
[Black "Rozental, Ella"]
[Result "1/2-1/2"]
[WhiteElo "2116"]
[BlackElo "2335"]
[PlyCount "80"]
[EventDate "2009.03.03"]
[EventType "tourn (corr)"]
[EventRounds "10"]
[EventCountry "GER"]
[SourceTitle "Telechess CBM 137"]
[Source "ChessBase"]
[SourceDate "2010.07.15"]
[SourceVersion "1"]
[SourceVersionDate "2010.07.15"]
[SourceQuality "1"]

1. e4 c6 2. d4 d5 3. Nc3 dxe4 4. Nxe4 Bf5 5. Ng3 Bg6 6. f4 e6 7. Nf3 Bd6 8. Bd3 Ne7 9. 0-0 Nd7 10. Ne5 Nf6 11. Qf3 Bxd3 12. Nxd3 h5 13. Ne5 h4 14. Ne4 Bxe5 15. dxe5 Nxe4 16. Qxe4 Nf5 17. Be3 Qd5 18. Qxd5 cxd5 19. Kf2 Rc8 20. Rac1 Rc6 21. c3 Ra6 22. a3 Ra4 23. Rce1 Rh5 24. Bc1 Rh8 25. Rh1 Ne7 26. Kf3 Kd7 27. Be3 Nc6 28. g4 b6 29. Rd1 g6 30. Rhe1 Na5 31. Rd4 Rxd4 32. Bxd4 h3 33. Rd1 Kc6 34. b4 Nc4 35. a4 a6 36. Kg3 a5 37. b5+ Kd7 38. Rf1 Ke7 39. f5 g5 40. Rf2 Rh6 1/2-1/2

[Event "LSS WC-2013-P-00010"]
[Site "LSS email"]
[Date "2009.02.14"]
[Round "?"]
[White "Rozental, Ella"]
[Black "Pintor, Manuel Abranches"]
[Result "0-1"]
[WhiteElo "2278"]
[BlackElo "2164"]
[PlyCount "74"]
[EventDate "2009.02.18"]
[EventType "tourn (corr)"]
[EventRounds "6"]
[EventCountry "GER"]
[SourceTitle "Telechess CBM 137"]
[Source "ChessBase"]
[SourceDate "2010.07.15"]
[SourceVersion "1"]
[SourceVersionDate "2010.07.15"]
[SourceQuality "1"]

1. d4 d5 2. c4 c6 3. Nf3 Nf6 4. Nc3 e6 5. Qb3 Nbd7 6. Bg5 Qb6 7. e3 Ne4 8. Qc2 Nxg5 9. Nxg5 Be7 10. Nf3 Qa5 11. a3 0-0 12. Rd1 Nf6 13. Bd3 dxc4 14. Bxc4 c5 15. 0-0 cxd4 16. exd4 Qc7 17. Ne5 a6 18. Bd3 Rd8 19. Rfe1 Bd6 20. g3 b5 21. Ne4 Qxc2 22. Bxc2 Bb7 23. Ng5 Rf8 24. Bb3 Bd5 25. Bxd5 exd5 26. Rc1 h6 27. Nh3 Rac8 28. Nf4 Rfe8 29. Nfd3 Ne4 30. Red1 a5 31. Nc6 a4 32. Na7 Rb8 33. f3 Ng5 34. Kf2 Nh3+ 35. Kg2 Ng5 36. h4 Ne6 37. Nc6 Rbc8 0-1

[Event "LSS CP-2007-Q-00013"]
[Site "LSS email"]
[Date "2009.01.15"]
[Round "?"]
[White "Kasperski, Marcin"]
[Black "Rozental, Ella"]
[Result "0-1"]
[WhiteElo "1583"]
[BlackElo "2315"]
[PlyCount "80"]
[EventDate "2009.01.15"]
[EventType "tourn (corr)"]
[EventRounds "6"]
[EventCountry "GER"]
[SourceTitle "Telechess CBM 137"]
[Source "ChessBase"]
[SourceDate "2010.07.15"]
[SourceVersion "1"]
[SourceVersionDate "2010.07.15"]
[SourceQuality "1"]

1. e4 c6 2. d4 d5 3. e5 Bf5 4. g4 Bg6 5. h4 h5 6. g5 e6 7. Bd3 Ne7 8. Ne2 c5 9. Nbc3 Nf5 10. Nf4 cxd4 11. Nxg6 fxg6 12. Ne2 Qc7 13. Nxd4 Qxe5+ 14. Ne2 Bc5 15. c3 Qd6 16. Nf4 e5 17. Nxd5 Bxf2+ 18. Kxf2 Qxd5 19. Qf3 Qxf3+ 20. Kxf3 Nc6 21. Be3 0-0-0 22. Rad1 Rhf8 23. Bb1 Nxh4+ 24. Ke4 Nf5 25. Rxd8+ Nxd8 26. Bc5 Re8 27. Re1 Ne6 28. Bxa7 Nxg5+ 29. Kd5 Nf3 30. Re2 Rd8+ 31. Kc5 Rd2 32. Rxd2 Nxd2 33. Bd3 h4 34. Kd5 h3 35. Bg1 Nf3 36. Be4 Nxg1 37. Kxe5 h2 38. Kf4 Nh3+ 39. Ke5 Nf2 40. Bf3 Nd3+ 0-1

[Event "LSS RM-2008-0-00024"]
[Site "LSS email"]
[Date "2009.01.03"]
[Round "?"]
[White "Rozental, Ella"]
[Black "Majer, Damir"]
[Result "1/2-1/2"]
[WhiteElo "2066"]
[BlackElo "2135"]
[PlyCount "26"]
[EventDate "2008.12.22"]
[EventType "tourn (corr)"]
[EventRounds "6"]
[EventCountry "GER"]
[SourceTitle "Corr 2013"]
[Source "ChessBase"]
[SourceDate "2012.11.12"]
[SourceVersion "1"]
[SourceVersionDate "2012.11.12"]
[SourceQuality "1"]

1. d4 Nf6 2. Bg5 e6 3. Nf3 c5 4. Bxf6 Qxf6 5. Nc3 cxd4 6. Qxd4 Qxd4 7. Nxd4 a6 8. Na4 Nc6 9. Nxc6 bxc6 10. Nb6 Rb8 11. Nxc8 Rxc8 12. e3 a5 13. 0-0-0 Bc5 1/2-1/2

[Event "LSS RM-2008-0-00024"]
[Site "LSS email"]
[Date "2009.01.02"]
[Round "?"]
[White "Bernal Varela, Nelson"]
[Black "Rozental, Ella"]
[Result "1/2-1/2"]
[WhiteElo "2214"]
[BlackElo "2063"]
[PlyCount "40"]
[EventDate "2008.12.22"]
[EventType "tourn (corr)"]
[EventRounds "6"]
[EventCountry "GER"]
[SourceTitle "Corr 2011"]
[Source "ChessBase"]
[SourceDate "2010.08.31"]
[SourceVersion "1"]
[SourceVersionDate "2010.08.31"]
[SourceQuality "1"]

1. e4 c6 2. d4 d5 3. exd5 cxd5 4. c4 Nf6 5. Nc3 Nc6 6. Nf3 Bg4 7. cxd5 Nxd5 8. Bb5 Rc8 9. h3 Bh5 10. g4 Bg6 11. 0-0 e6 12. Ne5 Nxc3 13. Bxc6+ bxc6 14. bxc3 Bd6 15. Re1 Qf6 16. Qe2 h5 17. Qa6 Rc7 18. Ba3 Bxa3 19. Qxa3 hxg4 20. Qd6 gxh3 1/2-1/2

[Event "LSS RM-2008-0-00024"]
[Site "LSS email"]
[Date "2009.01.02"]
[Round "?"]
[White "Borisovs, Leonids"]
[Black "Rozental, Ella"]
[Result "0-1"]
[WhiteElo "2249"]
[BlackElo "2214"]
[PlyCount "112"]
[EventDate "2008.12.22"]
[EventType "tourn (corr)"]
[EventRounds "6"]
[EventCountry "GER"]
[SourceTitle "Corr 2011"]
[Source "ChessBase"]
[SourceDate "2010.08.31"]
[SourceVersion "1"]
[SourceVersionDate "2010.08.31"]
[SourceQuality "1"]

1. e4 c6 2. d4 d5 3. e5 Bf5 4. Nf3 e6 5. Be2 Nd7 6. 0-0 Ne7 7. Nh4 c5 8. c4 Bg6 9. dxc5 Nxe5 10. Bf4 Nxc4 11. b3 Na5 12. b4 Nac6 13. b5 Na5 14. Qa4 b6 15. Rc1 Nc8 16. Be3 Nb7 17. c6 Nc5 18. Qg4 h5 19. Qd4 Be4 20. Nf3 Bxf3 21. Bxf3 Nd6 22. Nc3 Nf5 23. Qd2 Bd6 24. Rd1 Nxe3 25. Qxe3 0-0 26. Rab1 Qf6 27. Bxh5 Qh4 28. Qh3 Qxh3 29. gxh3 Be5 30. Ne2 a6 31. f4 Bc7 32. f5 axb5 33. Rb2 Rfc8 34. Rxb5 Rxa2 35. fxe6 fxe6 36. Bg4 Re8 37. Rf1 Ne4 38. Rbb1 Nf6 39. Bf3 Rc8 40. Rfc1 Kf7 41. Kf1 Ke7 42. Rb3 Rf8 43. Ke1 Rh8 44. Bg2 Rh4 45. Kf1 Raa4 46. Nc3 Rhb4 47. Rxb4 Rxb4 48. Re1 Kd6 49. Kg1 b5 50. Bf1 Bb6+ 51. Kh1 Ne4 52. c7 Kxc7 53. Nxb5+ Kc6 54. Rc1+ Nc5 55. Nc3 Kd6 56. Nb5+ Ke7 0-1

[Event "LSS RA-2008-0-00031"]
[Site "LSS email"]
[Date "2008.11.18"]
[Round "?"]
[White "Llorente Alvarez, Jose Luis"]
[Black "Rozental, Ella"]
[Result "0-1"]
[WhiteElo "2063"]
[BlackElo "2063"]
[PlyCount "102"]
[EventDate "2008.11.16"]
[EventType "tourn (corr)"]
[EventRounds "6"]
[EventCountry "GER"]
[SourceTitle "Corr 2011"]
[Source "ChessBase"]
[SourceDate "2010.08.31"]
[SourceVersion "1"]
[SourceVersionDate "2010.08.31"]
[SourceQuality "1"]

1. f4 Nf6 2. Nf3 c5 3. e3 g6 4. b3 Bg7 5. Bb2 0-0 6. Be2 Nc6 7. 0-0 d6 8. c4 Re8 9. Nc3 e5 10. Ne1 exf4 11. Rxf4 d5 12. Bf3 d4 13. Nd5 Nd7 14. Nd3 Nce5 15. Be2 Nxd3 16. Bxd3 Ne5 17. Qc2 Be6 18. e4 h5 19. Raf1 h4 20. a4 Rc8 21. Qb1 h3 22. g3 a6 23. Bc1 b5 24. Be2 bxa4 25. bxa4 d3 26. Bxd3 Rb8 27. Qc2 g5 28. R4f2 Ng4 29. Rf3 Bd4+ 30. Kh1 Ne5 31. Rf5 Bxf5 32. Rxf5 Ng4 33. Bf1 Nf2+ 34. Rxf2 Bxf2 35. Bxh3 Bd4 36. d3 Kg7 37. Kg2 Rb7 38. Bf5 Rh8 39. Kf3 Qa5 40. Qe2 Qxa4 41. e5 Kf8 42. h3 Qa1 43. Qd2 Rb2 44. Qxg5 Rf2+ 45. Ke4 Re2+ 46. Kf3 Rxe5 47. Qd8+ Re8 48. Qd6+ Kg8 49. Qf4 Qa2 50. Be3 Qb1 51. Bc1 Qc2 0-1

[Event "LSS SA-2008-0-00036"]
[Site "LSS email"]
[Date "2008.11.17"]
[Round "?"]
[White "Rozental, Ella"]
[Black "Jovanovic, Bratislav"]
[Result "1/2-1/2"]
[WhiteElo "2052"]
[BlackElo "2082"]
[PlyCount "84"]
[EventDate "2008.11.16"]
[EventType "tourn (corr)"]
[EventRounds "6"]
[EventCountry "GER"]
[SourceTitle "Corr 2011"]
[Source "ChessBase"]
[SourceDate "2010.08.31"]
[SourceVersion "1"]
[SourceVersionDate "2010.08.31"]
[SourceQuality "1"]

1. d4 e6 2. Nf3 f5 3. c4 Nf6 4. g3 d5 5. Bg2 c6 6. 0-0 Bd6 7. Bg5 0-0 8. e3 h6 9. Bf4 Be7 10. Qc2 Nbd7 11. a3 g5 12. Be5 Ne4 13. cxd5 exd5 14. Nc3 g4 15. Ne1 Nxe5 16. dxe5 Re8 17. h3 gxh3 18. Bxh3 Bf8 19. f4 Qe7 20. Kh2 Qf7 21. Nf3 Be7 22. Rad1 Qg6 23. Rg1 Kh8 24. Nd4 Rg8 25. Nxe4 dxe4 26. Qc3 Rg7 27. b4 h5 28. Qb3 Rg8 29. Qb2 Kh7 30. Qc3 Rg7 31. Rb1 Bd7 32. Qb3 Rf8 33. Rbd1 Bc8 34. Rc1 Kh8 35. Rg2 a6 36. Qc4 Rgg8 37. Rcg1 Rd8 38. Kh1 Rg7 39. Rh2 Rdg8 40. Qb3 Rh7 41. Rhg2 Rhg7 42. Qc2 Rd8 1/2-1/2